000 00326 a2200157 4500
001 160546
020 _a
040 _cMagnum
100 _aPiochi, Eduardo
240 1 0 _aDepois que o mundo dormiu
_lpor
245 1 0 _aDepois que o mundo dormiu
362 0 _a1899
440 1 _aÁtica
697 _aIJ/GERAL
942 _cBK
999 _c160546
_d160546